Globalizácia ako produkt transnacionálnych korporácií

Pôsobenie globalizácie na vybrané nadnárodné korporácie na Slovensku. Konfrontácia správania našej vlády v dobách pred, ako aj po príchode uvedených transnacionálnych korporácií.

Guardado en:
Detalles Bibliográficos
Autor principal: Mrázik, Peter
Formato: Capítulo de libro
Lenguaje:eslovaco
Materias:
Etiquetas: Agregar Etiqueta
Sin Etiquetas, Sea el primero en etiquetar este registro!

MARC

LEADER 00000nla a2200000 4500
001 0165071
005 20221103131502.1
041 0 |a slo 
044 |a SK 
245 1 0 |a Globalizácia ako produkt transnacionálnych korporácií  |c Peter Mrázik 
520 |a Pôsobenie globalizácie na vybrané nadnárodné korporácie na Slovensku. Konfrontácia správania našej vlády v dobách pred, ako aj po príchode uvedených transnacionálnych korporácií. 
610 2 0 |a Slovensko 
610 2 0 |a politika hospodárska 
610 2 0 |a situácia hospodárska 
610 2 0 |a riadenie hospodárske 
610 2 0 |a korporácie transnacionálne 
610 2 0 |a globalizácia 
100 1 |a Mrázik, Peter